000 00626nam a2200193Ia 4500
008 140626s9999 xx 000 0 und d
100 _aBedwell, J.
245 4 _aThe Backward masking red light effect in Schizophrenia :
_brelationship to clinical features and neurocognitive performance /
_cJ. Bedwell ... [et al.].
260 _cc2011.
300 _a120 : 2, page 490
440 _aJournal of Abnormal Psychology
521 _aPSYCH
650 _aEndophenotype.
650 _aMagnocellular visual pathway.
650 _aRed light.
650 _aSchizophrenia.
650 _aVisual backward masking.
942 _cSE
999 _c121300
_d121300